00493nam a2200145Ia 4500008004100000041000800041082001600049100001400065245002600079260003200105300003000137365001100167999001500178952015400193240624s9999 xx 000 0 und d aeng a658.872 HAI aHAIG MATT aE BUSINESS ESSENTIALS c2005aNew DelhibKogan Page avi, : 122 : p. : cm. ; 21 cRSb31 c4601d4601 00104070aIMTNbIMTNcRack 36-Bd2007-02-28eIBHg140.00l2n576o658.872 HAIp4601q2026-01-24r2026-01-14 11:51:39s2026-01-14t1w2024-06-24yBK